[Event "Thüringenliga 2025/26"]
[Site "?"]
[Date "2026.02.01"]
[Round "6.3"]
[White "Rauch, Arwid"]
[Black "Krüger, Rainer"]
[Result "1/2-1/2"]
[WhiteElo "1731"]
[BlackElo "2027"]
[WhiteFideId "-1"]
[BlackFideId "-1"]
[PlyCount "28"]
[GameId "2274299220194002"]
[EventDate "2025.09.14"]
[EventType "team-tourn"]
[EventRounds "9"]
[SourceTitle "Thueringer Schachbund"]
[Source "ThSB"]
[SourceDate "2025.09.14"]
[SourceVersion "1"]
[SourceVersionDate "2025.09.14"]
[SourceQuality "1"]
[WhiteTeam "Ilmenauer SV"]
[BlackTeam "Erfurter SK 2"]

1. e4 c5 2. Nf3 d6 3. Bb5+ Bd7 4. Bxd7+ Qxd7 5. O-O Nc6 6. Re1 Nf6 7. c3 g6 8. d4 cxd4 9. cxd4 Bg7 10. Nc3 O-O 11. Be3 d5 12. e5 Ne4 13. Bd2 Nxc3 14. Bxc3 e6 1/2-1/2

[Event "Thüringenliga 2025/26"]
[Site "?"]
[Date "2026.02.01"]
[Round "6.4"]
[White "Sunderbrink, Heino"]
[Black "Geißhirt, Marco"]
[Result "1/2-1/2"]
[WhiteElo "1916"]
[BlackElo "2001"]
[WhiteFideId "-1"]
[BlackFideId "-1"]
[PlyCount "61"]
[GameId "2274299220230867"]
[EventDate "2025.09.14"]
[EventType "team-tourn"]
[EventRounds "9"]
[SourceTitle "Thueringer Schachbund"]
[Source "ThSB"]
[SourceDate "2025.09.14"]
[SourceVersion "1"]
[SourceVersionDate "2025.09.14"]
[SourceQuality "1"]
[WhiteTeam "Erfurter SK 2"]
[BlackTeam "Ilmenauer SV"]

1. Nf3 d6 2. g3 e5 3. d3 Be7 4. Bg2 Nc6 5. c4 h5 6. h4 Bg4 7. Nc3 Qd7 8. Nd5 Bd8 9. Bd2 Nge7 10. Qb3 Rb8 11. e3 Qf5 12. Ng5 f6 13. Ne4 Bf3 14. O-O a6 15. a4 Nxd5 16. cxd5 Ne7 17. Bxf3 Qxf3 18. Nc3 g5 19. hxg5 fxg5 20. Qd1 Qf7 21. e4 Ng6 22. Kg2 Qd7 23. Rh1 h4 24. Qf3 g4 25. Qe2 O-O 26. Raf1 Rf3 27. Be3 Qf7 28. Nb1 Be7 29. Nd2 Rf8 30. Kh2 hxg3+ 31. fxg3 1/2-1/2

[Event "Thüringenliga 2025/26"]
[Site "?"]
[Date "2026.02.01"]
[Round "6.5"]
[White "Ortlepp, Steffen"]
[Black "Apel, Linus"]
[Result "0-1"]
[WhiteElo "1813"]
[BlackElo "1896"]
[WhiteFideId "-1"]
[BlackFideId "-1"]
[PlyCount "34"]
[GameId "2274299220267732"]
[EventDate "2025.09.14"]
[EventType "team-tourn"]
[EventRounds "9"]
[SourceTitle "Thueringer Schachbund"]
[Source "ThSB"]
[SourceDate "2025.09.14"]
[SourceVersion "1"]
[SourceVersionDate "2025.09.14"]
[SourceQuality "1"]
[WhiteTeam "Ilmenauer SV"]
[BlackTeam "Erfurter SK 2"]

1. e4 e5 2. Nf3 Nc6 3. Bc4 Nf6 4. Ng5 d5 5. exd5 Na5 6. Bb5+ c6 7. dxc6 bxc6 8. Be2 h6 9. Nf3 e4 10. Ne5 Bc5 11. O-O O-O 12. Nc4 Nxc4 13. Bxc4 Ng4 14. Be2 Qh4 15. Bxg4 Bxg4 16. Qe1 Bf3 17. gxf3 Bd6 0-1

[Event "Thüringenliga 2025/26"]
[Site "?"]
[Date "2026.02.01"]
[Round "6.6"]
[White "Eger, Axel"]
[Black "Michael, Torsten"]
[Result "1/2-1/2"]
[WhiteElo "1835"]
[BlackElo "1749"]
[WhiteFideId "-1"]
[BlackFideId "-1"]
[PlyCount "29"]
[GameId "2274299220304597"]
[EventDate "2025.09.14"]
[EventType "team-tourn"]
[EventRounds "9"]
[SourceTitle "Thueringer Schachbund"]
[Source "ThSB"]
[SourceDate "2025.09.14"]
[SourceVersion "1"]
[SourceVersionDate "2025.09.14"]
[SourceQuality "1"]
[WhiteTeam "Erfurter SK 2"]
[BlackTeam "Ilmenauer SV"]

1. d4 d5 2. Nf3 Nf6 3. e3 e6 4. Bd3 Be7 5. O-O b6 6. c3 h6 7. Nbd2 Bb7 8. Qc2 Nbd7 9. e4 dxe4 10. Nxe4 O-O 11. Re1 c5 12. dxc5 Nxc5 13. Nxc5 Bxc5 14. Qe2 Rc8 15. Be3 1/2-1/2

[Event "Thüringenliga 2025/26"]
[Site "?"]
[Date "2026.02.01"]
[Round "6.7"]
[White "Schenk, Stefan"]
[Black "Heitmann, Erik"]
[Result "0-1"]
[WhiteElo "1930"]
[BlackElo "1835"]
[WhiteFideId "-1"]
[BlackFideId "-1"]
[PlyCount "80"]
[GameId "2274299220337366"]
[EventDate "2025.09.14"]
[EventType "team-tourn"]
[EventRounds "9"]
[SourceTitle "Thueringer Schachbund"]
[Source "ThSB"]
[SourceDate "2025.09.14"]
[SourceVersion "1"]
[SourceVersionDate "2025.09.14"]
[SourceQuality "1"]
[WhiteTeam "Ilmenauer SV"]
[BlackTeam "Erfurter SK 2"]

{[%evp 0,80,20,20,37,6,25,32,34,1,9,24,25,18,52,41,30,8,-2,1,54,51,20,51,31,22,24,32,32,26,16,19,33,45,31,17,8,10,10,6,6,0,13,8,-10,-37,-28,-33,-27,-51,-51,-49,-35,-145,-160,-143,-151,-151,-137,-134,-123,-181,-182,-228,-236,-258,-237,-284,-291,-333,-334,-366,-314,-315,-312,-611,-665,-29995,-29996,-29997,-29998,-29999,-29999]} 1. e4 c5 2. c3 d6 3. d4 Nf6 4. dxc5 Nc6 5. Qc2 dxc5 6. Nf3 Bg4 7. Nbd2 Qc7 8. Be2 e6 9. O-O g5 10. Bb5 Bxf3 11. Nxf3 g4 12. Bxc6+ Qxc6 13. Ne5 Qxe4 14. Qxe4 Nxe4 15. Nxg4 Rg8 16. f3 h5 17. Nh6 Bxh6 18. Bxh6 Nd6 19. Rad1 Nf5 20. Bf4 Ke7 21. Rf2 Rad8 22. Rfd2 Rxd2 23. Rxd2 f6 24. h3 e5 25. Bh2 h4 26. f4 e4 27. Re2 e3 28. Kf1 Rd8 29. Ke1 c4 30. g4 hxg3 31. Bxg3 Kd6 32. Bh2 Rh8 33. Bg1 Rxh3 34. Rg2 Kd5 35. Rg6 Rh1 36. Ke2 Ke4 37. Bxe3 Nxe3 38. Rxf6 Rh2+ 39. Ke1 Kf3 40. f5 Re2# 0-1

[Event "Thüringenliga 2025/26"]
[Site "?"]
[Date "2026.02.01"]
[Round "6.8"]
[White "Tran, Anh Duc Kevin"]
[Black "Lehmann, Joachim"]
[Result "1-0"]
[WhiteElo "1881"]
[BlackElo "1794"]
[WhiteFideId "-1"]
[BlackFideId "-1"]
[PlyCount "53"]
[GameId "2274299220374231"]
[EventDate "2025.09.14"]
[EventType "team-tourn"]
[EventRounds "9"]
[SourceTitle "Thueringer Schachbund"]
[Source "ThSB"]
[SourceDate "2025.09.14"]
[SourceVersion "1"]
[SourceVersionDate "2025.09.14"]
[SourceQuality "1"]
[WhiteTeam "Erfurter SK 2"]
[BlackTeam "Ilmenauer SV"]

1. e4 e6 2. Nf3 d5 3. Nc3 Nf6 4. e5 Nfd7 5. d4 c5 6. dxc5 Bxc5 7. Bd3 a6 8. O-O Nc6 9. Bf4 Nf8 10. Qd2 Ng6 11. Bg3 Bd7 12. a3 Be7 13. Rfe1 Rc8 14. Ne2 Qa5 15. b4 Qc7 16. Nf4 Qd8 17. Rac1 b5 18. Ne2 Qc7 19. Qe3 Qa7 20. Ned4 Nxd4 21. Nxd4 O-O 22. Bxg6 hxg6 23. Nc6 Qxe3 24. Nxe7+ Kh7 25. Rxe3 Rfe8 26. Bh4 f6 27. Rh3 1-0

[Event "Thüringenliga 2025/26"]
[Site "?"]
[Date "2026.02.01"]
[Round "6.1"]
[White "Nguyen, Huy Dat"]
[Black "Franke, Luca"]
[Result "1/2-1/2"]
[WhiteElo "2069"]
[BlackElo "2061"]
[WhiteFideId "-1"]
[BlackFideId "-1"]
[PlyCount "53"]
[GameId "2274299377173224"]
[EventDate "2025.09.14"]
[EventType "team-tourn"]
[EventRounds "9"]
[SourceTitle "Thueringer Schachbund"]
[Source "ThSB"]
[SourceDate "2025.09.14"]
[SourceVersion "1"]
[SourceVersionDate "2025.09.14"]
[SourceQuality "1"]
[WhiteTeam "SV Medizin Erfurt"]
[BlackTeam "SV 1861 Liebschwitz"]

{[%evp 0,53,20,20,19,8,35,30,24,28,8,15,27,19,22,22,48,24,40,37,28,18,19,19,37,30,14,11,40,44,65,28,36,28,31,6,12,-34,-11,-17,-25,-25,-2,-170,-163,-159,-167,-166,-166,-190,88,72,83,91,87,87]} 1. d4 Nf6 2. c4 g6 3. Nf3 Bg7 4. g3 O-O 5. Bg2 d6 6. O-O Nbd7 7. Nc3 c6 8. e4 Qc7 9. h3 e5 10. Be3 exd4 11. Nxd4 Re8 12. Qc2 a5 13. Rad1 Nc5 14. b3 Bd7 15. Bc1 Re7 16. Rfe1 Rae8 17. Ba3 b6 18. f4 Nh5 19. Nde2 f5 20. Bxc5 bxc5 21. exf5 Bxc3 22. Qxc3 Rxe2 23. Rxe2 Rxe2 24. Qd3 Rxg2+ 25. Kxg2 Bxf5 26. Qxd6 Qxd6 27. Rxd6 1/2-1/2

[Event "Thüringenliga 2025/26"]
[Site "?"]
[Date "2026.02.01"]
[Round "6.2"]
[White "Zeidler, Andreas"]
[Black "Kirschbaum, Gunnar"]
[Result "0-1"]
[WhiteElo "2003"]
[BlackElo "1995"]
[WhiteFideId "-1"]
[BlackFideId "-1"]
[PlyCount "32"]
[GameId "2274299377218281"]
[EventDate "2025.09.14"]
[EventType "team-tourn"]
[EventRounds "9"]
[SourceTitle "Thueringer Schachbund"]
[Source "ThSB"]
[SourceDate "2025.09.14"]
[SourceVersion "1"]
[SourceVersionDate "2025.09.14"]
[SourceQuality "1"]
[WhiteTeam "SV 1861 Liebschwitz"]
[BlackTeam "SV Medizin Erfurt"]

{[%evp 0,32,20,19,17,2,38,8,16,24,15,8,30,22,22,30,25,32,39,40,51,45,53,26,48,41,37,-69,-81,-90,-90,-137,-145,-129,-146]} 1. d4 Nf6 2. c4 g6 3. g3 Bg7 4. Bg2 O-O 5. Nf3 d6 6. O-O Nbd7 7. Nc3 e5 8. dxe5 dxe5 9. Qc2 c6 10. Rd1 Qc7 11. a3 a5 12. e4 Nc5 13. Rb1 Ncxe4 14. Nxe4 Nxe4 15. Nxe5 Nc5 16. Nd3 Nxd3 0-1

[Event "Thüringenliga 2025/26"]
[Site "?"]
[Date "2026.02.01"]
[Round "6.3"]
[White "Müller-Ludwig, Kristin"]
[Black "Hermannsdörfer, Frank"]
[Result "0-1"]
[WhiteElo "1965"]
[BlackElo "2066"]
[WhiteFideId "-1"]
[BlackFideId "-1"]
[PlyCount "50"]
[GameId "2274299377353450"]
[EventDate "2025.09.14"]
[EventType "team-tourn"]
[EventRounds "9"]
[SourceTitle "Thueringer Schachbund"]
[Source "ThSB"]
[SourceDate "2025.09.14"]
[SourceVersion "1"]
[SourceVersionDate "2025.09.14"]
[SourceQuality "1"]
[WhiteTeam "SV Medizin Erfurt"]
[BlackTeam "SV 1861 Liebschwitz"]

{[%evp 0,50,19,7,83,65,73,64,85,57,49,45,110,61,53,55,54,44,4,50,20,38,51,-6,20,25,58,12,12,22,49,44,32,13,20,28,-10,8,73,-114,-69,-153,-85,-222,-220,-224,-229,-229,-218,-218,-234,-245,-259]} 1. e4 d6 2. d4 Nf6 3. Nc3 e5 4. Nf3 exd4 5. Nxd4 g6 6. Be3 Bg7 7. f3 O-O 8. Qd2 d5 9. e5 Ne8 10. Bg5 f6 11. Bh4 g5 12. exf6 Qxf6 13. Bf2 c6 14. O-O-O a5 15. h4 g4 16. Be3 Nd6 17. Bd3 c5 18. Nxd5 Qe5 19. Nc7 cxd4 20. Bg5 Ne4 21. fxe4 Qxc7 22. Rhf1 Rxf1 23. Rxf1 Be6 24. Bf6 Nc6 25. Qg5 Ne5 0-1

[Event "Thüringenliga 2025/26"]
[Site "?"]
[Date "2026.02.01"]
[Round "6.4"]
[White "Kastner, Peter"]
[Black "Nguyen, Ha Thanh"]
[Result "1/2-1/2"]
[WhiteElo "1971"]
[BlackElo "1887"]
[WhiteFideId "-1"]
[BlackFideId "-1"]
[PlyCount "39"]
[GameId "2274299377394411"]
[EventDate "2025.09.14"]
[EventType "team-tourn"]
[EventRounds "9"]
[SourceTitle "Thueringer Schachbund"]
[Source "ThSB"]
[SourceDate "2025.09.14"]
[SourceVersion "1"]
[SourceVersionDate "2025.09.14"]
[SourceQuality "1"]
[WhiteTeam "SV 1861 Liebschwitz"]
[BlackTeam "SV Medizin Erfurt"]

{[%evp 0,39,19,-17,2,-36,18,-42,-41,-26,-12,-12,0,0,19,23,15,22,23,-22,-27,-40,8,10,-12,8,19,-6,-9,-20,15,-35,8,-20,-28,-65,-65,-64,-57,-68,-73,-86]} 1. c4 Nf6 2. g3 g6 3. b3 Bg7 4. Bb2 d6 5. Bg2 O-O 6. Nf3 c6 7. O-O e5 8. d3 Re8 9. c5 dxc5 10. Nxe5 Ng4 11. Nc4 Bxb2 12. Nxb2 Qd4 13. Qc2 Na6 14. a3 Bf5 15. e4 Be6 16. Nd2 Ne5 17. Nf3 Nxf3+ 18. Bxf3 Rad8 19. Rfd1 Qf6 20. Be2 1/2-1/2

[Event "Thüringenliga 2025/26"]
[Site "?"]
[Date "2026.02.01"]
[Round "6.5"]
[White "Jakob, Matthias"]
[Black "Biel, Maik"]
[Result "1-0"]
[WhiteElo "1959"]
[BlackElo "1915"]
[WhiteFideId "-1"]
[BlackFideId "-1"]
[PlyCount "51"]
[GameId "2274299377431276"]
[EventDate "2025.09.14"]
[EventType "team-tourn"]
[EventRounds "9"]
[SourceTitle "Thueringer Schachbund"]
[Source "ThSB"]
[SourceDate "2025.09.14"]
[SourceVersion "1"]
[SourceVersionDate "2025.09.14"]
[SourceQuality "1"]
[WhiteTeam "SV Medizin Erfurt"]
[BlackTeam "SV 1861 Liebschwitz"]

{[%evp 0,51,18,19,17,17,57,37,43,38,44,36,40,24,73,71,69,50,66,51,53,26,108,75,107,84,79,74,72,42,44,41,55,27,19,0,97,126,206,238,179,110,197,109,168,217,341,107,315,314,679,701,841,869]} 1. d4 Nf6 2. Nf3 g6 3. Nc3 d5 4. Bf4 a6 5. e3 Bg7 6. Be2 b5 7. Ne5 Bb7 8. h4 Nfd7 9. h5 Nxe5 10. Bxe5 f6 11. Bg3 O-O 12. hxg6 hxg6 13. Qd3 f5 14. Be5 Nd7 15. Bxg7 Kxg7 16. O-O-O b4 17. Na4 e5 18. dxe5 c5 19. e6 Ne5 20. Qb3 Qd6 21. c4 Qxe6 22. Nxc5 Qe7 23. Nxb7 Qxb7 24. Rxd5 Ng4 25. Bxg4 fxg4 26. Qd3 1-0

[Event "Thüringenliga 2025/26"]
[Site "?"]
[Date "2026.02.01"]
[Round "6.6"]
[White "Kitzig, Tobias"]
[Black "Fischer, Kay"]
[Result "1/2-1/2"]
[WhiteElo "1850"]
[BlackElo "1865"]
[WhiteFideId "-1"]
[BlackFideId "-1"]
[PlyCount "49"]
[GameId "2274299377468141"]
[EventDate "2025.09.14"]
[EventType "team-tourn"]
[EventRounds "9"]
[SourceTitle "Thueringer Schachbund"]
[Source "ThSB"]
[SourceDate "2025.09.14"]
[SourceVersion "1"]
[SourceVersionDate "2025.09.14"]
[SourceQuality "1"]
[WhiteTeam "SV 1861 Liebschwitz"]
[BlackTeam "SV Medizin Erfurt"]

{[%evp 0,49,17,19,22,20,23,25,21,17,23,17,34,32,45,20,18,16,52,27,22,19,24,22,22,24,22,26,28,37,32,19,25,17,28,7,14,10,13,7,14,14,23,9,5,-131,-135,-129,-121,-124,-134,-136]} 1. d4 d5 2. Nf3 e6 3. Bf4 Bd6 4. Bg3 Ne7 5. e3 Nf5 6. Bxd6 Nxd6 7. Bd3 Bd7 8. O-O Bb5 9. Nc3 Bxd3 10. cxd3 Nd7 11. e4 c6 12. Qd2 O-O 13. Qf4 Ne8 14. Rfe1 Qf6 15. Qd2 Nc7 16. h3 Rfc8 17. Re3 Qf4 18. Ne2 Qd6 19. Nh2 Nf8 20. Rg3 Qe7 21. Ng4 Ng6 22. Nf4 Qg5 23. Rf3 Nh4 24. Rg3 Ng6 25. Rf3 1/2-1/2

[Event "Thüringenliga 2025/26"]
[Site "?"]
[Date "2026.02.01"]
[Round "6.7"]
[White "Reichel, Norbert"]
[Black "Meissner, Steffen"]
[Result "1-0"]
[WhiteElo "1906"]
[BlackElo "1790"]
[WhiteFideId "-1"]
[BlackFideId "-1"]
[PlyCount "99"]
[GameId "2274299377509102"]
[EventDate "2025.09.14"]
[EventType "team-tourn"]
[EventRounds "9"]
[SourceTitle "Thueringer Schachbund"]
[Source "ThSB"]
[SourceDate "2025.09.14"]
[SourceVersion "1"]
[SourceVersionDate "2025.09.14"]
[SourceQuality "1"]
[WhiteTeam "SV Medizin Erfurt"]
[BlackTeam "SV 1861 Liebschwitz"]

{[%evp 0,99,17,-22,2,8,32,8,8,8,30,30,48,33,28,40,38,32,19,17,16,4,28,37,33,31,63,55,99,94,121,107,136,95,103,80,102,109,107,89,91,82,102,88,105,97,97,84,84,80,78,62,95,73,71,68,76,60,138,120,161,153,199,216,224,215,220,236,229,235,304,316,381,349,344,330,375,364,340,347,356,352,348,325,401,362,376,356,394,432,420,423,451,446,943,629,697,457,471,469,470,386]} 1. c4 Nf6 2. Nf3 g6 3. g3 Bg7 4. Nc3 d6 5. d4 c6 6. Bg2 O-O 7. O-O Nbd7 8. e4 e5 9. h3 Re8 10. Re1 Qc7 11. d5 a5 12. Be3 Rb8 13. Rc1 Nb6 14. b3 c5 15. Nb5 Qd8 16. Nd2 Na8 17. Nb1 Rf8 18. Qd2 b6 19. Bg5 Qd7 20. N1c3 Ne8 21. Bh6 Rb7 22. Rf1 f6 23. Bxg7 Qxg7 24. f4 Qh6 25. Kh2 Rbf7 26. Qe2 Nac7 27. Na7 Bd7 28. Nc6 Na8 29. Rcd1 Nac7 30. f5 gxf5 31. exf5 Rg7 32. Ne4 Kh8 33. Nd8 Rfg8 34. Ne6 Rg4 35. Bf3 R4g5 36. N4xg5 fxg5 37. g4 Qf6 38. Kg2 Na6 39. Rh1 Nb4 40. a3 Na6 41. Be4 Ng7 42. Qe3 h6 43. Rh2 Be8 44. Rdh1 h5 45. h4 gxh4 46. Rxh4 Nb8 47. Kf2 Nxe6 48. dxe6 Rg5 49. Ke2 Kg7 50. gxh5 1-0

[Event "Thüringenliga 2025/26"]
[Site "?"]
[Date "2026.02.01"]
[Round "6.8"]
[White "Müller, Gunther"]
[Black "Fischer, Dennis"]
[Result "1-0"]
[WhiteElo "1696"]
[BlackElo "1863"]
[WhiteFideId "-1"]
[BlackFideId "-1"]
[PlyCount "117"]
[GameId "2274299377545967"]
[EventDate "2025.09.14"]
[EventType "team-tourn"]
[EventRounds "9"]
[SourceTitle "Thueringer Schachbund"]
[Source "ThSB"]
[SourceDate "2025.09.14"]
[SourceVersion "1"]
[SourceVersionDate "2025.09.14"]
[SourceQuality "1"]
[WhiteTeam "SV 1861 Liebschwitz"]
[BlackTeam "SV Medizin Erfurt"]

{[%evp 0,117,26,-26,6,-12,37,19,8,8,0,15,-12,10,4,14,46,21,23,24,23,31,27,-6,15,10,39,6,10,1,12,0,13,-4,23,-18,-11,-11,4,-35,-28,-25,-13,-13,-8,4,0,-60,-30,-28,-18,-20,-10,3,25,20,9,3,1,-1,-1,-19,-14,-12,-18,-15,-14,-26,-30,-24,-30,-39,-37,-29,-19,-45,-33,-82,-49,-58,-15,-21,-1,-22,-13,-2,-1,-1,14,16,20,12,72,23,16,0,-8,0,140,150,149,61,0,22,264,282,302,310,320,306,310,215,292,258,235,202,214,257,414,468]} 1. c4 Nf6 2. Nc3 g6 3. g3 Bg7 4. Nf3 O-O 5. Bg2 d5 6. cxd5 Nxd5 7. O-O e5 8. Nxd5 Qxd5 9. d3 Nc6 10. Qc2 Qd6 11. Bd2 h6 12. Rac1 Be6 13. a3 Rac8 14. b4 a6 15. Qc5 Rfd8 16. Be3 Qd7 17. b5 axb5 18. Qxb5 Bd5 19. Rc5 Ne7 20. Rfc1 Qxb5 21. Rxb5 Bc6 22. Rbc5 Nd5 23. R5c4 Nxe3 24. fxe3 Ra8 25. a4 Ra5 26. Nd2 Bxg2 27. Kxg2 c6 28. Rb1 b5 29. axb5 cxb5 30. Rcb4 Ra2 31. R1b2 Rxb2 32. Rxb2 Rb8 33. Kf1 Kf8 34. Ke1 Ke7 35. Kd1 Ke6 36. e4 Bf8 37. Nb3 f5 38. Kd2 Bb4+ 39. Ke3 Bd6 40. Rc2 Kd7 41. exf5 gxf5 42. d4 b4 43. Kd3 Ke6 44. e4 fxe4+ 45. Kxe4 Rb5 46. h3 Kd7 47. Rf2 exd4 48. g4 Be5 49. Rf5 Kd6 50. Nxd4 Rc5 51. Rh5 Bg7 52. Nf5+ Rxf5 53. Rxf5 b3 54. Rb5 b2 55. h4 Ke6 56. Rb6+ Kd7 57. Kf5 Kc7 58. Rb3 Kc6 59. Kg6 1-0

[Event "Thüringenliga 2025/26"]
[Site "?"]
[Date "2026.02.01"]
[Round "6.1"]
[White "Junge, Mattheo Gabriel"]
[Black "Sondermann, Johannes"]
[Result "0-1"]
[WhiteElo "1924"]
[BlackElo "1997"]
[WhiteFideId "-1"]
[BlackFideId "-1"]
[PlyCount "94"]
[GameId "2272816259772448"]
[EventDate "2025.09.14"]
[EventType "team-tourn"]
[EventRounds "9"]
[SourceTitle "Thueringer Schachbund"]
[Source "ThSB"]
[SourceDate "2025.09.14"]
[SourceVersion "1"]
[SourceVersionDate "2025.09.14"]
[SourceQuality "1"]
[WhiteTeam "SV Schott Jena"]
[BlackTeam "Meuselwitzer SV"]

1. e4 c5 2. Nf3 d6 3. Bb5+ Nd7 4. c3 Ngf6 5. Qe2 a6 6. Ba4 b5 7. Bc2 Bb7 8. O-O e6 9. d4 Be7 10. Bf4 O-O 11. Rd1 Qc7 12. a4 cxd4 13. cxd4 e5 14. Bg3 b4 15. Bd3 Nh5 16. Nbd2 Nxg3 17. hxg3 exd4 18. Rac1 Nc5 19. Nxd4 Bf6 20. N2b3 Qb6 21. a5 Qa7 22. Nxc5 dxc5 23. Nb3 Rac8 24. Qe3 Bxb2 25. Rxc5 Rcd8 26. Qe2 Bc3 27. Bc2 Rxd1+ 28. Qxd1 Qa8 29. Qe2 Re8 30. Rc7 Be5 31. Rc4 Bd6 32. Qd2 Qb8 33. Nd4 Bf8 34. Nc6 Qc7 35. Ba4 Rc8 36. Qc1 Qd7 37. Ne5 Qxa4 38. Rxc8 Bxc8 39. Qc7 Be6 40. f4 b3 41. f5 Qd4+ 42. Kh2 Qd6 43. Qc3 Qb4 44. Qc7 Qc5 45. Qb8 Qd6 46. Qxd6 Bxd6 47. fxe6 b2 0-1

[Event "Thüringenliga 2025/26"]
[Site "?"]
[Date "2026.02.01"]
[Round "6.2"]
[White "Naundorf, Johannes"]
[Black "Abou Wally, Adrian"]
[Result "1/2-1/2"]
[WhiteElo "1949"]
[BlackElo "1923"]
[WhiteFideId "-1"]
[BlackFideId "-1"]
[PlyCount "30"]
[GameId "2273177414517716"]
[EventDate "2025.09.14"]
[EventType "team-tourn"]
[EventRounds "9"]
[SourceTitle "Thueringer Schachbund"]
[Source "ThSB"]
[SourceDate "2025.09.14"]
[SourceVersion "1"]
[SourceVersionDate "2025.09.14"]
[SourceQuality "1"]
[WhiteTeam "Meuselwitzer SV"]
[BlackTeam "SV Schott Jena"]

{[%evp 0,30,31,27,24,-9,46,16,37,15,43,-22,20,19,1,-12,27,4,15,12,111,89,125,139,100,58,102,-15,9,-19,-34,-42,-54]} 1. Nf3 Nf6 2. c4 g6 3. Nc3 Bg7 4. e4 d6 5. g3 Nbd7 6. Bg2 O-O 7. O-O a6 8. Re1 c5 9. d4 Rb8 10. e5 Ne8 11. exd6 Nxd6 12. Bf4 cxd4 13. Bxd6 exd6 14. Nd5 Nb6 15. Nxd4 Nxd5 1/2-1/2

[Event "Thüringenliga 2025/26"]
[Site "?"]
[Date "2026.02.01"]
[Round "6.3"]
[White "Kaipalath, Varun Raj"]
[Black "Sniegowski, Richard"]
[Result "1-0"]
[WhiteElo "1899"]
[BlackElo "1885"]
[WhiteFideId "-1"]
[BlackFideId "-1"]
[PlyCount "61"]
[GameId "2273179961791895"]
[EventDate "2025.09.14"]
[EventType "team-tourn"]
[EventRounds "9"]
[SourceTitle "Thueringer Schachbund"]
[Source "ThSB"]
[SourceDate "2025.09.14"]
[SourceVersion "1"]
[SourceVersionDate "2025.09.14"]
[SourceQuality "1"]
[WhiteTeam "SV Schott Jena"]
[BlackTeam "Meuselwitzer SV"]

{[%evp 0,61,47,24,69,67,67,60,75,82,72,82,74,60,74,59,51,10,24,-8,-12,-13,5,-45,-16,-15,-16,-9,-14,-15,-12,14,14,7,12,-39,75,26,4,30,17,-23,-16,-30,24,18,28,122,199,280,411,440,555,403,508,562,1480,1530,1555,1555,29287,29982,29993,29994]} 1. e4 d6 2. d4 Nf6 3. Nc3 g6 4. Nf3 Bg7 5. Be2 O-O 6. O-O c6 7. Qd3 b5 8. Nd1 a5 9. c3 Nbd7 10. Bg5 h6 11. Be3 Qc7 12. Nd2 Ba6 13. Qc2 c5 14. d5 e6 15. dxe6 fxe6 16. f4 Kh7 17. f5 gxf5 18. exf5 e5 19. Rf3 d5 20. Rh3 e4 21. Nf2 Qe5 22. Nb3 Rfc8 23. Qd2 Ng8 24. Ng4 Qd6 25. f6 Ndxf6 26. Nxh6 Nxh6 27. Bxh6 Bxh6 28. Rxh6+ Kg7 29. Qg5+ Kf7 30. Bh5+ Ke7 31. Qg7+ 1-0

[Event "Thüringenliga 2025/26"]
[Site "?"]
[Date "2026.02.01"]
[Round "6.4"]
[White "Bellmann, Daniel"]
[Black "Bönisch, Julian"]
[Result "1-0"]
[WhiteElo "1866"]
[BlackElo "1851"]
[WhiteFideId "-1"]
[BlackFideId "-1"]
[PlyCount "165"]
[GameId "2273182467786942"]
[EventDate "2025.09.14"]
[EventType "team-tourn"]
[EventRounds "9"]
[SourceTitle "Thueringer Schachbund"]
[Source "ThSB"]
[SourceDate "2025.09.14"]
[SourceVersion "1"]
[SourceVersionDate "2025.09.14"]
[SourceQuality "1"]
[WhiteTeam "Meuselwitzer SV"]
[BlackTeam "SV Schott Jena"]

{[%evp 0,32,25,18,34,36,36,-19,10,16,16,13,10,15,18,10,2,14,10,16,8,14,14,-2,-27,-41,-31,-51,-52,-51,14,-3,-26,-23,-29]} 1. e4 e6 2. d4 d5 3. Bd3 Nf6 4. e5 Nfd7 5. c3 c5 6. Nf3 Nc6 7. O-O Qb6 8. Bc2 Be7 9. dxc5 Bxc5 10. b4 Be7 11. Re1 a5 12. Be3 Qc7 13. b5 Ncxe5 14. Nxe5 Qxe5 15. Bd4 Qg5 16. Nd2 O-O 17. Re3 Bf6 18. Rg3 Qf4 19. Rf3 Qg4 20. Qb1 g6 21. Rg3 Qf4 22. Be3 Qd6 23. Bh6 Bg7 24. Bxg7 Kxg7 25. Nf3 Ne5 26. Nd4 Bd7 27. h4 f5 28. h5 Rf6 29. Qc1 f4 30. Rh3 g5 31. Qd2 Kh8 32. Re1 Re8 33. Qe2 Nc4 34. Qd3 Re7 35. Rh2 h6 36. a4 e5 37. Ne2 Bf5 38. Qd1 Bg4 39. Qd3 Qc5 40. Bb3 Bf5 41. Qd1 g4 42. g3 f3 43. Nc1 e4 44. Bxc4 Qxc4 45. Rh1 e3 46. Rxe3 Rxe3 47. fxe3 f2+ 48. Kh2 Bc2 49. Qf1 Be4 50. Qxc4 dxc4 51. Rf1 Bd3 52. Nxd3 cxd3 53. Kg2 d2 54. c4 Rf5 55. e4 Rf3 56. c5 Rc3 57. c6 b6 58. Rd1 Rc1 59. c7 f1=Q+ 60. Rxf1 Rxc7 61. Rd1 Rc4 62. Rxd2 Rxa4 63. Rd6 Kg7 64. Rg6+ Kf7 65. e5 Ra2+ 66. Kg1 a4 67. Rxh6 a3 68. Rxb6 Ra1+ 69. Kf2 a2 70. Ra6 Rh1 71. Rxa2 Rh2+ 72. Ke3 Rxa2 73. Kf4 Rb2 74. Kxg4 Rxb5 75. Kf5 Rb1 76. h6 Rb8 77. g4 Rb1 78. e6+ Ke7 79. g5 Rf1+ 80. Kg6 Kxe6 81. h7 Rh1 82. Kg7 Kf5 83. g6 1-0